000 00182 a2200097 4500
020 _a9780762105717
041 _aeng
100 _aMary Atkinson
245 _aSelf Massage
942 _cK
999 _c27665
_d27665